000 00706nam a2200193Ii 4500
003 JO-AjNU
008 230605s9999||||xx |||||||||||||| ||und||
040 _aJO-AjNU
_bara
_erda
_cJO-AjNU
041 _aara
050 1 4 _aHV41 .U4222 1986
100 3 _aالعمري، ابو النجا محمد,
_eauthor
_97488
245 0 0 _aالاتصال في الخدمة الاجتماعية
264 3 1 _aالاسكندرية: دار المعرفة الجامعية، 1986
300 _a311ص
_bيحتوي على ببلوغرافية من 299-311ص
336 _atext
_btxt
_2rdacontent
337 _aunmediated
_bn
_2rdamedia
338 _avolume
_bnc
_2rdacarrier
650 4 _aوسائل اتصال - مجتمع
_97489
999 _aA304
_c3872
_d3872